Statystyki dla 10 najlepszych tenisistów stołowych na świecie

Kliknij tutaj aby rozwiązać quiz!

Ogólne statystyki

  • Ten quiz został rozwiązany 35 razy
  • Średni wynik to 6 z 10

Statystyki odpowiedzi

HintOdpowiedź% Poprawnych
ChinyMa long
96%
NiemcyTimo boll
88%
ChinyFan zhendong
73%
NiemcyDimitrij ovtcharov
65%
JaponiaTomokazu harimoto
65%
BrazyliaHugo calderano
62%
ChinyXu xin
54%
SzwecjaMattias falck
42%
ChinyLiang jingkun
23%
ChinyLin gaoyuan
19%

Rozkład punktacji

Percentyl według liczby udzielonych odpowiedzi

Procent ludzi z każdym wynikiem

Twoja historia wyników

Nie rozwiązałeś tego quizu